BIBLIOTECA

SENCICO

Cartilla de saneamiento. Desechos . Capítulo III. Dirección de Ingeniería Sanitaria. Secretaría de Salubridad y Asistencia (Registro nro. 1311)

Detalles MARC
000 -LEADER
fixed length control field 00731nam a2200217Ia 4500
005 - DATE AND TIME OF LATEST TRANSACTION
control field 20251020182507.0
008 - FIXED-LENGTH DATA ELEMENTS--GENERAL INFORMATION
fixed length control field 200515s9999 xx 000 0 und d
082 ## - DEWEY DECIMAL CLASSIFICATION NUMBER
Classification number 628.54/C43
110 ## - MAIN ENTRY--CORPORATE NAME
Corporate name or jurisdiction name as entry element Centro Regional de Ayuda Técnica. Agencia para el Desarrollo Internacional (A.I.D.)
245 #0 - TITLE STATEMENT
Title Cartilla de saneamiento. Desechos . Capítulo III. Dirección de Ingeniería Sanitaria. Secretaría de Salubridad y Asistencia
250 ## - EDITION STATEMENT
Edition statement 3a ed.
260 ## - PUBLICATION, DISTRIBUTION, ETC.
Place of publication, distribution, etc. México D.F.
260 ## - PUBLICATION, DISTRIBUTION, ETC.
Name of publisher, distributor, etc. Centro Regional de Ayuda Técnica. Agencia para el Desarrollo Internacional (A.I.D.)
260 ## - PUBLICATION, DISTRIBUTION, ETC.
Date of publication, distribution, etc. 1965
300 ## - PHYSICAL DESCRIPTION
Extent 68 p.
300 ## - PHYSICAL DESCRIPTION
Other physical details il., tbl., graf.
500 ## - GENERAL NOTE
General note 1 ejemplar
650 ## - SUBJECT ADDED ENTRY--TOPICAL TERM
Topical term or geographic name entry element SANEAMIENTO
942 ## - ADDED ENTRY ELEMENTS (KOHA)
Koha item type Libros
Existencias
Fecha de la última vez que lo usaron Pago total Signatura topográfica completa Código de barras Precio efectivo desde Tipo de documento Estado perdido Estado dañado No es para préstamo Retirado Ubicación permanente Ubicación actual Fecha de adquisición
15/05/2020   628.54/C43 Bib-Lima15051311 15/05/2020 Libros         Biblioteca Central Lima Biblioteca Central Lima 15/05/2020